Responses for Show #3887 - Tuesday, June 26, 2001

Lan Djang game 5.

Contestants

[<< previous game]

Scott Candage, an internet sports columnist from Fall River, Massachusetts

David Lichtman, a graduate business student from New York City, New York

Lan Djang, a business analyst from Toronto, Ontario (whose 4-day cash winnings total $40,300)

[next game >>]

Jeopardy! Round responses

U.S. ISLANDS
MARTHA STEWART
SYMBOLIC INDUSTRIES
(Alex: We'll give you some stock symbols, you name the industry the companies are to be found in.)
PITCHES
OWNED BY AOL TIME WARNER
THE FRENCH CONNECTION
    $100 25
(David: What is Alaska?)

Hawaii

LanDavid
    $100 12
airlines

Lan
    $100 5
a curveball

Scott
    $100 15
Spanish

Scott
    $100 1
an aunt

Lan
    $200 26
Long Island

Scott
    $200 19
automakers

Scott
    $200 6
a changeup

David
    $200 16
CNN

Lan
    $200 2
the heat

David
    $1,000 24
(Alex: Minute to go.)

the Aleutians

Lan
    $300 23
(David: What is vinaigrette?)
...
(Alex: And, uh, that clue is a little misleading because very few people--none of my friends, as a matter of fact--have any leftover champagne!)

vinegar

LanDavid
    $300 13
courier companies (or delivery establishments)

Lan
    $300 7
a fastball

Lan
    $300 14
(David: What is The Movie Channel?)

Cinemax

DavidScott
    $300 3
the head

Lan
    $400 27
(Alex: Bat manure. It's called [*], hence the [*] Act.)

guano

Triple Stumper
    $400 21
ferns

Triple Stumper
    $400 11
(Scott: What are drug companies?)
[Originally ruled correct; reversed at the first break]

drug store companies

Scott
Triple Stumper
    $400 9
a sinker

David
    $400 17
Netscape

Scott
    $400 4
an umbrella

Scott
    $500 28
(Scott: What is San Padre Island?)
[The end-of-round signal sounds.]

Padre Island

Scott
Triple Stumper
    $500 22
(aromatic) cedar

David
    $500 20
computer manufacturers

David
    $500 10
a screwball

David
    $500 18
the Atlanta Hawks

Scott
    $500 8
grapefruit

Scott

Scores at the first commercial break (after clue 13):

Lan David Scott
$1,100 $1,300 $600

Scores at the end of the Jeopardy! Round:

Lan David Scott
$2,700 $1,600 $1,800

Double Jeopardy! Round responses

SCIENCE
ANIMAL VERBS
MYTHOLOGY
KNOCK, KNOCK
WHO'S THERE?
COULD IT BE... SATAN?
    $200 8
egg

Lan
    $200 16
ape

Lan
    $200 3
the Sirens

David
    $200 21
Hamlet

Lan
    $200 26
(David: Who were the Confederates?)
(Alex: More specific.)
(David: What is the Confederacy?)
(Alex: [Looking to the judges] ...Yeah, more specific.)
(David: Who was [*]?)
(Alex: That's better, yes. The entire Confederacy did not surrender at that time.)

Robert E. Lee

David
    $200 1
Georgia

Scott
    $400 10
radiation

Lan
    $400 17
weasel

Scott
    $400 5
Troy

Scott
    $400 22
Star Wars

Scott
    $400 27
Hank Aaron

Scott
    $400 2
a Tasmanian devil

Lan
    $600 13
zero

Scott
    $600 18
badger

Triple Stumper
    $600 9
the Argonauts

David
    $600 23
Kathie Lee Gifford

David
    $600 28
Stevie Wonder

Scott
    $600 4
a devil's advocate

Lan
    $1,500 14
(Scott: What are snails?)

invertebrates

Scott
    $800 19
crow

Triple Stumper
    $800 11
Jupiter

Lan
    $800 24
(Alex: We have a minute to go.)

The Omen

David
    $800 29
[The end-of-round signal sounds.]

Sir Edmund Hillary

Lan
    $800 6
Damn Yankees

David
    $1000 15
Mendel

Scott
    $1000 20
(Alex: Yeah, Scott, you thought of it, but too late. Darn.)

bear

Triple Stumper
    $2,000 12
Hercules

Lan
    $1000 25
The Wizard of Oz

Scott
    $1000 7
C.S. Lewis

Triple Stumper

Scores at the end of the Double Jeopardy! Round:

Lan David Scott
$8,300 $4,800 $5,300

[wagering suggestions for these scores]

Final Jeopardy! Round responses

PEOPLE IN SONG
(Alex: [To Lan] You've been thinking about it, I'm sure; tell the folks what selection you have made with regard to the automobiles?)
(Lan: It's got to be the Camaros!)
DavidWho is Eleanor Rigby?
$4,700
ScottWho Eleanor Rigby
$3,001
LanWho is Eleanor Rigby?
$2,500
Eleanor Rigby

Final scores:

Lan David Scott
$10,800 $9,500 $8,301
5-day champion: $51,100 2nd place: a trip to Wyndham Palace Resort & Spa, Walt Disney World, Orlando 3rd place: TicketsNow.com gift certificate

Game dynamics:

Coryat scores:

Lan David Scott
$6,600 $4,800 $6,800
18 R
(including 2 DDs),
0 W
12 R,
3 W
18 R,
3 W
(including 1 DD)

Combined Coryat: $18,200

[game clues] [game scores] [suggest correction]

Game tape date: 2001-03-06
The J! Archive is created by fans, for fans. Scraping, republication, monetization, and malicious use prohibited; this site may use cookies and collect identifying information. See terms. The Jeopardy! game show and all elements thereof, including but not limited to copyright and trademark thereto, are the property of Jeopardy Productions, Inc. and are protected under law. This website is not affiliated with, sponsored by, or operated by Jeopardy Productions, Inc. Join the discussion at JBoard.tv.